[Event "GBR-ch84 Major Open"]
[Site "Hove"]
[Date "1997.08.13"]
[Round "9"]
[White "Mason, Donald J"]
[Black "Alfred, Nathan SW"]
[Result "1-0"]
[WhiteElo "2285"]
[BlackElo "2165"]
[PlyCount "105"]
[EventDate "1997.08.04"]
[EventType "swiss"]
[EventRounds "11"]
[EventCountry "GBR"]
[SourceTitle "BritBase"]
[Source "John Saunders"]
[SourceDate "2024.07.22"]
[SourceVersion "1"]
[SourceVersionDate "2024.07.22"]
[SourceQuality "1"]

1. e4 c5 2. Nc3 Nc6 3. g3 g6 4. Bg2 Bg7 5. d3 d6 6. Be3 Rb8 7. Qd2 b5 8. Nge2
e6 9. O-O Nd4 10. Nd1 b4 11. Nc1 Ne7 12. c3 bxc3 13. bxc3 Ndc6 14. Bh6 O-O 15.
Bxg7 Kxg7 16. f4 f5 17. Ne3 Qb6 18. Nc4 Qc7 19. e5 dxe5 20. fxe5 Ba6 21. Nb3
Bxc4 22. dxc4 Rfd8 23. Qf4 Qxe5 24. Qxe5+ Nxe5 25. Rae1 Kf6 26. Nxc5 Rbc8 27.
Ne4+ Kg7 28. Ng5 Kf6 29. Nxh7+ Kg7 30. Rxe5 Kxh7 31. Rxe6 Rc7 32. Rfe1 Ng8 33.
Bd5 Rb8 34. Re8 Rxe8 35. Rxe8 Nf6 36. Re2 Kh6 37. Kf2 Nxd5 38. cxd5 Rxc3 39.
Rd2 Rc7 40. Ke3 Kg7 41. Kd4 Kf6 42. d6 Rc1 43. Kd5 a5 44. a4 Kf7 45. Re2 Rd1+
46. Kc6 Rc1+ 47. Kd7 Rc4 48. Kd8 Rxa4 49. Rc2 Rd4 50. d7 Ke6 51. Kc8 Rxd7 52.
Re2+ Kd6 53. Rd2+ 1-0

[Event "GBR-ch84 Major Open"]
[Site "Hove"]
[Date "1997.08.13"]
[Round "9"]
[White "Pflug, Matthias"]
[Black "Stephenson, Frederick Norman"]
[Result "0-1"]
[WhiteElo "2175"]
[BlackElo "2190"]
[PlyCount "90"]
[EventDate "1997.08.04"]
[EventType "swiss"]
[EventRounds "11"]
[EventCountry "GBR"]
[SourceTitle "BritBase"]
[Source "John Saunders"]
[SourceDate "2024.07.22"]
[SourceVersion "1"]
[SourceVersionDate "2024.07.22"]
[SourceQuality "1"]

1. e4 c5 2. Nf3 e6 3. d4 cxd4 4. Nxd4 Nf6 5. Nc3 d6 6. g4 h6 7. h4 Nc6 8. Be3
a6 9. Bg2 Nxd4 10. Bxd4 e5 11. Be3 Bxg4 12. Qd2 Qa5 13. a3 b5 14. f3 Be6 15.
Qf2 Rb8 16. O-O Be7 17. Kh2 g5 18. Bh3 Nh5 19. Nd5 Bxd5 20. exd5 Qc7 21. a4
bxa4 22. Rxa4 Rxb2 23. Bf5 Nf6 24. Rxa6 Nxd5 25. Ra7 Qc4 26. Ra8+ Bd8 27. Bc1
Rb4 28. Qa7 O-O 29. Kg2 Qxh4 30. Be4 Nf4+ 31. Bxf4 Qxf4 32. Qd7 Rxe4 33. Rxd8
Re2+ 34. Rf2 Rxf2+ 35. Kxf2 Qd2+ 36. Kg3 Rxd8 37. Qxd8+ Kg7 38. Qc7 h5 39. Qc6
d5 40. Qc7 h4+ 41. Kg4 Qf4+ 42. Kh5 Qxf3+ 43. Kxg5 Qg3+ 44. Kh5 h3 45. c4 h2 {
Source: Norman Stephenson} 0-1

[Event "GBR-ch84 Major Open"]
[Site "Hove"]
[Date "1997.08.13"]
[Round "9"]
[White "Almond, Richard JA"]
[Black "Gunter, David WW"]
[Result "0-1"]
[WhiteElo "2125"]
[BlackElo "2175"]
[PlyCount "74"]
[EventDate "1997.08.04"]
[EventType "swiss"]
[EventRounds "11"]
[EventCountry "GBR"]
[SourceTitle "BritBase"]
[Source "John Saunders"]
[SourceDate "2024.07.22"]
[SourceVersion "1"]
[SourceVersionDate "2024.07.22"]
[SourceQuality "1"]

1. d4 Nf6 2. c4 g6 3. Nc3 Bg7 4. e4 d6 5. Nf3 O-O 6. Be2 e5 7. O-O exd4 8. Nxd4
Re8 9. f3 Nh5 10. f4 Nf6 11. Bf3 Bg4 12. Nc2 Bxf3 13. Qxf3 Nc6 14. Bd2 a5 15.
Rad1 Qc8 16. Rfe1 Ng4 17. Bc1 Nf6 18. h3 Nd7 19. Be3 a4 20. Nd4 a3 21. b3 Nb4
22. Re2 Nc5 23. Bc1 b6 24. Nd5 Nxd5 25. cxd5 Qa6 26. g4 Bxd4+ 27. Rxd4 Nxb3 28.
Rd1 Nc5 29. f5 Qc4 30. Rde1 Nd3 31. fxg6 fxg6 32. Bh6 Rf8 33. Bxf8 Rxf8 34. Qe3
Nxe1 35. Rxe1 Qxa2 36. Qd4 Qb3 37. e5 Qg3+ 0-1

[Event "GBR-ch84 Major Open"]
[Site "Hove"]
[Date "1997.08.13"]
[Round "9"]
[White "Dickinson, Timothy R"]
[Black "Tebb, David J"]
[Result "1-0"]
[WhiteElo "2155"]
[BlackElo "2280"]
[PlyCount "67"]
[EventDate "1997.08.04"]
[EventType "swiss"]
[EventRounds "11"]
[EventCountry "GBR"]
[SourceTitle "BritBase"]
[Source "John Saunders"]
[SourceDate "2024.07.22"]
[SourceVersion "1"]
[SourceVersionDate "2024.07.22"]
[SourceQuality "1"]

1. e4 c5 2. Ne2 d6 3. c3 Nf6 4. f3 g6 5. d4 cxd4 6. cxd4 Bg7 7. Be3 O-O 8. Qd2
Nc6 9. Nc1 e5 10. dxe5 dxe5 11. Nb3 Nd4 12. Nxd4 exd4 13. Bf2 Re8 14. Be2 d3
15. Bxd3 Re6 16. Nc3 Rd6 17. Rd1 Nh5 18. Nd5 Be6 19. Bc4 Rc8 20. Bb3 Be5 21. g3
Bh3 22. f4 Bg7 23. e5 Rd7 24. Bxa7 Bg4 25. Bb6 Qf8 26. O-O Bxd1 27. Rxd1 Rc6
28. Be3 Qa8 29. g4 g5 30. gxh5 gxf4 31. Nf6+ Bxf6 32. Qxd7 Qf8 33. exf6 fxe3
34. Qxf7+ 1-0

[Event "GBR-ch84 Major Open"]
[Site "Hove"]
[Date "1997.08.13"]
[Round "9"]
[White "Solomon, Norman"]
[Black "Player, Edmund C"]
[Result "0-1"]
[WhiteElo "2165"]
[BlackElo "2090"]
[PlyCount "68"]
[EventDate "1997.08.04"]
[EventType "swiss"]
[EventRounds "11"]
[EventCountry "GBR"]
[SourceTitle "BritBase"]
[Source "John Saunders"]
[SourceDate "2024.07.22"]
[SourceVersion "1"]
[SourceVersionDate "2024.07.22"]
[SourceQuality "1"]

1. Nf3 e6 2. c4 d5 3. d4 dxc4 4. e3 a6 5. Bxc4 Nf6 6. O-O Be7 7. Nc3 b5 8. Bd3
Bb7 9. a3 c5 10. Bc2 O-O 11. Qe2 Nbd7 12. Rd1 Qc7 13. e4 cxd4 14. Nxd4 Rac8 15.
Bd2 Rfd8 16. Be1 Bc5 17. b4 Ba7 18. Rac1 Ne5 19. Nb3 Neg4 20. g3 Qe5 21. Rxd8+
Rxd8 22. Rd1 Rc8 23. Qd3 g6 24. Ne2 Bxe4 25. Qd6 Bxc2 26. Qxa6 Bxd1 27. Qxc8+
Kg7 28. Bc3 Bxf2+ 29. Kg2 Qe4+ 30. Kh3 Bxe2 31. Nc5 Bf1+ 32. Kh4 g5+ 33. Kxg5
Qf5+ 34. Kh4 Qh5# 0-1

[Event "GBR-ch84 Major Open"]
[Site "Hove"]
[Date "1997.08.13"]
[Round "9"]
[White "Chola, Stanley"]
[Black "Donovan, Nigel P"]
[Result "1-0"]
[WhiteElo "1799"]
[BlackElo "2125"]
[PlyCount "61"]
[EventDate "1997.08.04"]
[EventType "swiss"]
[EventRounds "11"]
[EventCountry "GBR"]
[SourceTitle "BritBase"]
[Source "John Saunders"]
[SourceDate "2024.07.22"]
[SourceVersion "1"]
[SourceVersionDate "2024.07.22"]
[SourceQuality "1"]

1. e4 c5 2. Nf3 d6 3. d4 cxd4 4. Nxd4 Nf6 5. Nc3 e6 6. Be2 Be7 7. O-O O-O 8. f4
Nc6 9. Be3 a6 10. Nb3 Qc7 11. g4 d5 12. e5 Ne4 13. Nxe4 dxe4 14. c3 f5 15. exf6
gxf6 16. Nd2 f5 17. gxf5 exf5 18. Bc4+ Kh8 19. Kh1 b5 20. Bb3 Bb7 21. Rg1 Bd6
22. Qf1 Rad8 23. Qf2 Rd7 24. Rg3 Ne5 25. fxe5 Bxe5 26. Qxf5 Qd6 27. Rg5 Bg7 28.
Qg4 Rf2 29. Nf1 Rxb2 30. Rd1 Qf6 31. Rf5 1-0

[Event "GBR-ch84 Major Open"]
[Site "Hove"]
[Date "1997.08.13"]
[Round "9"]
[White "Broomfield, Matthew P"]
[Black "Howell, Christopher I"]
[Result "0-1"]
[WhiteElo "2105"]
[BlackElo "2175"]
[PlyCount "50"]
[EventDate "1997.08.04"]
[EventType "swiss"]
[EventRounds "11"]
[EventCountry "GBR"]
[SourceTitle "BritBase"]
[Source "John Saunders"]
[SourceDate "2024.07.22"]
[SourceVersion "1"]
[SourceVersionDate "2024.07.22"]
[SourceQuality "1"]

1. c4 g6 2. g3 Bg7 3. Bg2 c6 4. Nc3 Qa5 5. Qc2 d6 6. e3 Na6 7. Nge2 e5 8. d3 h5
9. Bd2 h4 10. Rb1 Nb4 11. Qa4 Qxa4 12. Nxa4 Nxd3+ 13. Kf1 Nf6 14. Nec3 Be6 15.
b3 hxg3 16. hxg3 Rxh1+ 17. Bxh1 O-O-O 18. Ke2 Nb4 19. Ne4 Bg4+ 20. Kf1 Nxe4 21.
Bxe4 f5 22. Bg2 Nd3 23. f3 Bh5 24. e4 Rf8 25. Ke2 fxe4 0-1

[Event "GBR-ch84 Major Open"]
[Site "Hove"]
[Date "1997.08.13"]
[Round "9"]
[White "Wise, David"]
[Black "Rutter, Nicholas J"]
[Result "1-0"]
[WhiteElo "2195"]
[BlackElo "2096"]
[PlyCount "43"]
[EventDate "1997.08.04"]
[EventType "swiss"]
[EventRounds "11"]
[EventCountry "GBR"]
[SourceTitle "BritBase"]
[Source "John Saunders"]
[SourceDate "2024.07.22"]
[SourceVersion "1"]
[SourceVersionDate "2024.07.22"]
[SourceQuality "1"]

1. d4 d5 2. c4 c6 3. Nf3 Nf6 4. Nc3 e6 5. e3 Nbd7 6. Qc2 Bd6 7. b3 O-O 8. Bb2
Qe7 9. Be2 e5 10. dxe5 Nxe5 11. cxd5 cxd5 12. O-O Nxf3+ 13. Bxf3 Be6 14. Nb5
Rac8 15. Qd3 Bc5 16. Rfd1 Rfd8 17. Rac1 a6 18. Nd4 Ba3 19. Rxc8 Rxc8 20. Ba1
Bg4 21. Bxg4 Nxg4 22. Qf5 1-0

[Event "GBR-ch84 Major Open"]
[Site "Hove"]
[Date "1997.08.14"]
[Round "10"]
[White "Howell, Christopher I"]
[Black "Chola, Stanley"]
[Result "1-0"]
[WhiteElo "2175"]
[BlackElo "1799"]
[PlyCount "115"]
[EventDate "1997.08.04"]
[EventType "swiss"]
[EventRounds "11"]
[EventCountry "GBR"]
[SourceTitle "BritBase"]
[Source "John Saunders"]
[SourceDate "2024.07.22"]
[SourceVersion "1"]
[SourceVersionDate "2024.07.22"]
[SourceQuality "1"]

1. e4 c5 2. c3 d5 3. exd5 Qxd5 4. d4 Nc6 5. Nf3 cxd4 6. cxd4 Bg4 7. Nc3 Qa5 8.
Be2 e6 9. O-O Nf6 10. h3 Bh5 11. g4 Bg6 12. Ne5 Bd6 13. Nc4 Qd8 14. Nxd6+ Qxd6
15. Bf3 O-O 16. Be3 Rad8 17. g5 Nd5 18. Nxd5 exd5 19. Qd2 Rfe8 20. Bg4 Re4 21.
f3 Re7 22. Bf4 Qb4 23. Qxb4 Nxb4 24. Rfe1 Rxe1+ 25. Rxe1 Nd3 26. Bc7 Nxe1 27.
Bxd8 h5 28. Bc8 Nxf3+ 29. Kf2 Nxd4 30. Bxb7 Be4 31. Be7 Ne6 32. b4 Nf4 33. b5
h4 34. a4 Nxh3+ 35. Ke3 Nxg5 36. Bxg5 h3 37. Bf4 g5 38. Bh2 f5 39. Kf2 Kg7 40.
a5 Bd3 41. b6 axb6 42. axb6 d4 43. Bh1 Ba6 44. Be5+ Kg6 45. Bxd4 f4 46. Be4+
Kh5 47. Kf3 h2 48. Kg2 Kg4 49. Kxh2 f3 50. b7 Bxb7 51. Bxb7 Kf4 52. Bb6 g4 53.
Bc7+ Ke3 54. Kg3 Ke2 55. Bb6 Ke1 56. Bf2+ Kd1 57. Kxg4 Ke2 58. Kg3 1-0

[Event "GBR-ch84 Major Open"]
[Site "Hove"]
[Date "1997.08.14"]
[Round "10"]
[White "Rizouk, Ryad"]
[Black "Mason, Donald J"]
[Result "1-0"]
[WhiteElo "2375"]
[BlackElo "2285"]
[PlyCount "111"]
[EventDate "1997.08.04"]
[EventType "swiss"]
[EventRounds "11"]
[EventCountry "GBR"]
[SourceTitle "BritBase"]
[Source "John Saunders"]
[SourceDate "2024.07.22"]
[SourceVersion "1"]
[SourceVersionDate "2024.07.22"]
[SourceQuality "1"]

1. e4 e6 2. d4 d5 3. Nc3 Bb4 4. Nge2 Nc6 5. a3 Bxc3+ 6. Nxc3 dxe4 7. Bb5 Nge7
8. Bg5 f6 9. Be3 O-O 10. Qd2 f5 11. Bg5 h6 12. Bxc6 hxg5 13. Ba4 Nd5 14. O-O-O
Bd7 15. Bb3 c6 16. g4 Nxc3 17. Qxc3 fxg4 18. Qg3 Qf6 19. Rd2 Qf3 20. Re1 Rf4
21. Re3 Qxg3 22. hxg3 Rf3 23. Rxe4 Kf7 24. c3 Rh8 25. Bd1 Rf6 26. Bxg4 Rh2 27.
f3 Rfh6 28. Rde2 Rh1+ 29. Re1 Rxe1+ 30. Rxe1 Rh2 31. c4 Rg2 32. d5 cxd5 33.
cxd5 Ke7 34. dxe6 Bc6 35. Re5 Rxg3 36. Rxg5 Kf6 37. f4 Rg1+ 38. Kd2 Rf1 39. Ke3
Rb1 40. b4 Rb3+ 41. Kd4 g6 42. Ra5 a6 43. Be2 Rb2 44. Re5 Rb3 45. e7 Be8 46.
Bc4 Rxa3 47. Re6+ Kg7 48. Rd6 Rh3 49. Rd8 Rh8 50. Ke5 b6 51. Bxa6 Kf7 52. Kd6
Kf6 53. Bb5 Kf7 54. Bxe8+ Rxe8 55. Rxe8 Kxe8 56. b5 1-0

[Event "GBR-ch84 Major Open"]
[Site "Hove"]
[Date "1997.08.14"]
[Round "10"]
[White "Willmoth, Robert F"]
[Black "Devereaux, Maxim L"]
[Result "1/2-1/2"]
[WhiteElo "2205"]
[BlackElo "2152"]
[PlyCount "102"]
[EventDate "1997.08.04"]
[EventType "swiss"]
[EventRounds "11"]
[EventCountry "GBR"]
[SourceTitle "BritBase"]
[Source "John Saunders"]
[SourceDate "2024.07.22"]
[SourceVersion "1"]
[SourceVersionDate "2024.07.22"]
[SourceQuality "1"]

1. e4 c5 2. Nf3 Nc6 3. d4 cxd4 4. Nxd4 e5 5. Nb5 a6 6. Nd6+ Bxd6 7. Qxd6 Qf6 8.
Qd1 Qg6 9. Nc3 d5 10. Nxd5 Qxe4+ 11. Be3 Nd4 12. Nc7+ Ke7 13. Nxa8 Nxc2+ 14.
Kd2 Nxe3 15. fxe3 Nf6 16. Qb3 Rd8+ 17. Ke1 Ng4 18. Nb6 Be6 19. Qa3+ Kf6 20. Be2
Nxe3 21. Rf1+ Nxf1 22. Kxf1 Rd2 23. Qf3+ Qxf3+ 24. Bxf3 Rxb2 25. Na4 Bc4+ 26.
Ke1 Rxa2 27. Rxa2 Bxa2 28. Bxb7 a5 29. Kd2 Kg5 30. Ke3 f5 31. Bc6 h5 32. Nc5
Bb1 33. Nb7 f4+ 34. Kf3 Kf5 35. Bd7+ Kf6 36. Nxa5 g5 37. h3 e4+ 38. Ke2 Bd3+
39. Ke1 e3 40. Bc6 g4 41. h4 Ke5 42. Nb3 f3 43. gxf3 g3 44. Nc1 Kd6 45. f4 Kxc6
46. Nxd3 g2 47. Ne5+ Kd5 48. Nf3 Ke4 49. Ke2 Kxf4 50. Ng1 Kg3 51. Kxe3 Kxh4
1/2-1/2

[Event "GBR-ch84 Major Open"]
[Site "Hove"]
[Date "1997.08.14"]
[Round "10"]
[White "Tebb, David J"]
[Black "Osborne, Marcus E"]
[Result "0-1"]
[WhiteElo "2280"]
[BlackElo "2135"]
[PlyCount "82"]
[EventDate "1997.08.04"]
[EventType "swiss"]
[EventRounds "11"]
[EventCountry "GBR"]
[SourceTitle "BritBase"]
[Source "John Saunders"]
[SourceDate "2024.07.22"]
[SourceVersion "1"]
[SourceVersionDate "2024.07.22"]
[SourceQuality "1"]

1. e4 e5 2. Nf3 d6 3. d4 exd4 4. Nxd4 g6 5. Nc3 Bg7 6. Be3 Nf6 7. Qd2 O-O 8.
O-O-O Nc6 9. f3 Nxd4 10. Bxd4 Be6 11. Be3 a6 12. g4 Re8 13. h4 b5 14. Bg5 b4
15. Nd5 Bxd5 16. exd5 Qe7 17. Bc4 Qe5 18. Rde1 Qg3 19. Ref1 Qe5 20. Bf4 Ne4 21.
fxe4 Qxb2+ 22. Kd1 Rxe4 23. Bd3 Qa1+ 24. Qc1 Qd4 25. Bd2 Re7 26. Rf4 Qxd5 27.
Rhf1 Bd4 28. Qb1 Bc3 29. Bxc3 bxc3 30. Qb3 Qg2 31. Qxc3 Rb8 32. Rb4 Rbe8 33.
Qd2 Qg3 34. Qf2 Qe5 35. Qd4 Qa5 36. Qb2 c5 37. Re4 Rxe4 38. Bxe4 Rxe4 39. Qb8+
Kg7 40. Qb7 Rd4+ 41. Ke2 Qd2+ 0-1

[Event "GBR-ch84 Major Open"]
[Site "Hove"]
[Date "1997.08.14"]
[Round "10"]
[White "Taylor, Peter P"]
[Black "Bates, Ruth A"]
[Result "1-0"]
[WhiteElo "2210"]
[BlackElo "1888"]
[PlyCount "69"]
[EventDate "1997.08.04"]
[EventType "swiss"]
[EventRounds "11"]
[EventCountry "GBR"]
[SourceTitle "BritBase"]
[Source "John Saunders"]
[SourceDate "2024.07.22"]
[SourceVersion "1"]
[SourceVersionDate "2024.07.22"]
[SourceQuality "1"]

1. e4 g6 2. d4 Bg7 3. c4 d6 4. Nc3 Nc6 5. Be3 e5 6. d5 Nce7 7. c5 f5 8. cxd6
cxd6 9. Qa4+ Bd7 10. Nb5 Nc8 11. Qb4 f4 12. Bd2 Nf6 13. Rc1 Bxb5 14. Bxb5+ Kf7
15. Bd3 Nb6 16. Nh3 h6 17. a4 Rb8 18. a5 Na8 19. f3 Qe7 20. O-O Nd7 21. Nf2 h5
22. Qa3 g5 23. Be2 Nf6 24. h3 h4 25. Rc2 Rhc8 26. Rfc1 Rxc2 27. Rxc2 a6 28. Bb4
Bf8 29. b3 Qd7 30. Nd3 Be7 31. Nb2 Ne8 32. Nc4 Rd8 33. Qc1 Nec7 34. Nb6 Nxb6
35. Rxc7 1-0

[Event "GBR-ch84 Major Open"]
[Site "Hove"]
[Date "1997.08.14"]
[Round "10"]
[White "Churm, Rohan M"]
[Black "Crickmore, Neil EG"]
[Result "0-1"]
[WhiteElo "2100"]
[BlackElo "2168"]
[PlyCount "64"]
[EventDate "1997.08.04"]
[EventType "swiss"]
[EventRounds "11"]
[EventCountry "GBR"]
[SourceTitle "BritBase"]
[Source "John Saunders"]
[SourceDate "2024.07.22"]
[SourceVersion "1"]
[SourceVersionDate "2024.07.22"]
[SourceQuality "1"]

1. e4 e6 2. d4 d5 3. Nc3 Nf6 4. Bg5 dxe4 5. Nxe4 Be7 6. Bxf6 gxf6 7. g3 f5 8.
Nc5 b6 9. Qf3 Qxd4 10. Qxa8 Bxc5 11. Bd3 Qxf2+ 12. Kd1 O-O 13. Qf3 Qd4 14. c3
Qg7 15. Ne2 Nd7 16. Nf4 Ne5 17. Qe2 Bb7 18. Rf1 Rd8 19. Kc2 Ng4 20. Nxe6 fxe6
21. Qxe6+ Kh8 22. Rae1 Bc8 23. Qc6 Bd7 24. Qf3 Nxh2 25. Qh5 Nxf1 26. Rxf1 Ba4+
27. b3 Rxd3 28. Kxd3 Bb5+ 29. c4 Qd4+ 30. Kc2 Bc6 31. Rf4 Be4+ 32. Rxe4 Qxe4+
0-1

[Event "GBR-ch84 Major Open"]
[Site "Hove"]
[Date "1997.08.14"]
[Round "10"]
[White "Leech, Aiden M"]
[Black "Simons, Martin J"]
[Result "1-0"]
[WhiteElo "2105"]
[BlackElo "2072"]
[PlyCount "55"]
[EventDate "1997.08.04"]
[EventType "swiss"]
[EventRounds "11"]
[EventCountry "GBR"]
[SourceTitle "BritBase"]
[Source "John Saunders"]
[SourceDate "2024.07.22"]
[SourceVersion "1"]
[SourceVersionDate "2024.07.22"]
[SourceQuality "1"]

1. c4 e5 2. Nc3 Bb4 3. g3 Bxc3 4. bxc3 d6 5. Bg2 Ne7 6. d3 O-O 7. Nf3 Nbc6 8.
O-O f6 9. Ne1 Be6 10. f4 Qd7 11. Nc2 Bh3 12. Ne3 Bxg2 13. Kxg2 b6 14. Nd5 Rae8
15. e4 f5 16. Re1 Kh8 17. Qa4 Rf7 18. Bd2 Ref8 19. Re2 exf4 20. Bxf4 fxe4 21.
Rxe4 g5 22. Nxe7 gxf4 23. Qxc6 f3+ 24. Kf2 Qh3 25. Ng6+ Kg8 26. Nxf8 Qxh2+ 27.
Ke3 Qxg3 28. Ne6 1-0

[Event "GBR-ch84 Major Open"]
[Site "Hove"]
[Date "1997.08.14"]
[Round "10"]
[White "Williams, Leighton"]
[Black "Larski, Stanislav"]
[Result "1-0"]
[WhiteElo "2265"]
[BlackElo "1888"]
[PlyCount "55"]
[EventDate "1997.08.04"]
[EventType "swiss"]
[EventRounds "11"]
[EventCountry "GBR"]
[SourceTitle "BritBase"]
[Source "John Saunders"]
[SourceDate "2024.07.22"]
[SourceVersion "1"]
[SourceVersionDate "2024.07.22"]
[SourceQuality "1"]

1. e4 c5 2. Nc3 Nc6 3. Nf3 g6 4. Bc4 Bg7 5. d3 e6 6. Be3 d6 7. d4 cxd4 8. Nxd4
a6 9. Qd2 Nge7 10. O-O-O d5 11. Bb3 Na5 12. Bh6 O-O 13. Bxg7 Kxg7 14. Qf4 b5
15. exd5 b4 16. Ne4 Nxb3+ 17. axb3 exd5 18. Nf6 Nf5 19. Nh5+ Kg8 20. Nxf5 Bxf5
21. Rxd5 Qc8 22. Nf6+ Kg7 23. Ne4 Re8 24. f3 a5 25. Rc5 Qe6 26. Nd6 Qe3+ 27.
Qxe3 Rxe3 28. Rxf5 1-0

[Event "GBR-ch84 Major Open"]
[Site "Hove"]
[Date "1997.08.14"]
[Round "10"]
[White "Gibeon, David S"]
[Black "Sheehan, Anthony"]
[Result "1-0"]
[WhiteElo "2145"]
[BlackElo "1960"]
[PlyCount "53"]
[EventDate "1997.08.04"]
[EventType "swiss"]
[EventRounds "11"]
[EventCountry "GBR"]
[SourceTitle "BritBase"]
[Source "John Saunders"]
[SourceDate "2024.07.22"]
[SourceVersion "1"]
[SourceVersionDate "2024.07.22"]
[SourceQuality "1"]

1. d4 f5 2. Nf3 g6 3. Bf4 Nf6 4. Nbd2 Bg7 5. e3 O-O 6. Be2 d6 7. h4 Qe8 8. c3
h6 9. Qb3+ e6 10. Nh2 Kh7 11. g4 e5 12. Bxh6 Bxh6 13. g5 f4 14. dxe5 fxe3 15.
fxe3 Qxe5 16. O-O-O Qxe3 17. Bf3 Nc6 18. Rde1 Qf4 19. Bxc6 bxc6 20. Re7+ Bg7
21. Rf1 Qxh4 22. Nhf3 Qh5 23. gxf6 Rxf6 24. Ng5+ Kh6 25. Rxf6 Bxf6 26. Rh7+
Kxg5 27. Ne4+ 1-0

[Event "GBR-ch84 Major Open"]
[Site "Hove"]
[Date "1997.08.14"]
[Round "10"]
[White "Kennaugh, Charles W"]
[Black "Pflug, Matthias"]
[Result "1-0"]
[WhiteElo "2300"]
[BlackElo "2175"]
[PlyCount "50"]
[EventDate "1997.08.04"]
[EventType "swiss"]
[EventRounds "11"]
[EventCountry "GBR"]
[SourceTitle "BritBase"]
[Source "John Saunders"]
[SourceDate "2024.07.22"]
[SourceVersion "1"]
[SourceVersionDate "2024.07.22"]
[SourceQuality "1"]

1. e4 c5 2. Nf3 d6 3. d4 cxd4 4. Nxd4 Nf6 5. Nc3 a6 6. Qf3 g6 7. h3 Bg7 8. Be3
O-O 9. O-O-O Nc6 10. g4 Nxd4 11. Bxd4 Be6 12. Qe3 Rc8 13. f4 Bc4 14. Bg2 Qc7
15. Bb6 Qc6 16. f5 a5 17. Rd2 Ra8 18. Rhd1 Ne8 19. Nd5 Bxd5 20. Rxd5 Bh6 21.
Qxh6 Qxb6 22. R5d2 Rd8 23. h4 Nf6 24. Bf3 Kh8 25. Rxd6 Rfe8 1-0

[Event "GBR-ch84 Major Open"]
[Site "Hove"]
[Date "1997.08.14"]
[Round "10"]
[White "Moskovic, David M"]
[Black "Noyce, Robert C"]
[Result "1-0"]
[WhiteElo "2180"]
[BlackElo "2180"]
[PlyCount "49"]
[EventDate "1997.08.04"]
[EventType "swiss"]
[EventRounds "11"]
[EventCountry "GBR"]
[SourceTitle "BritBase"]
[Source "John Saunders"]
[SourceDate "2024.07.22"]
[SourceVersion "1"]
[SourceVersionDate "2024.07.22"]
[SourceQuality "1"]

1. e4 d5 2. exd5 Nf6 3. Nf3 Nxd5 4. d4 Bg4 5. h3 Bf5 6. Nh4 Bd7 7. Bc4 e6 8. Nf3 Be7 9. O-O O-O 10. Bb3 Nf6 11. c4 b5 12. c5 Nc6 13. Bf4 a5 14. a3 b4 15. a4 Bc8 16. Bc4 Ba6 17. Bb5 Nb8 18. c6 Qd5 19. Qe2 Qxc6 20. Bxc6 Bxe2 21. Bxa8 Bxf1 22. Kxf1 c5 23. dxc5 Bxc5 24. Nbd2 Nbd7 25. Bc6 {Source: bulletin. Score amended 11 August 2024 (22 Kxf1 instead of 22 Kh1)} 1-0

[Event "GBR-ch84 Major Open"]
[Site "Hove"]
[Date "1997.08.14"]
[Round "10"]
[White "Costley, Martin Owen"]
[Black "Parker, Robert"]
[Result "1-0"]
[WhiteElo "2008"]
[BlackElo "2125"]
[PlyCount "47"]
[EventDate "1997.08.04"]
[EventType "swiss"]
[EventRounds "11"]
[EventCountry "GBR"]
[SourceTitle "BritBase"]
[Source "John Saunders"]
[SourceDate "2024.07.22"]
[SourceVersion "1"]
[SourceVersionDate "2024.07.22"]
[SourceQuality "1"]

1. d4 Nf6 2. c4 e6 3. Nc3 Bb4 4. Qc2 c5 5. dxc5 O-O 6. Nf3 Na6 7. g3 Nxc5 8.
Bg2 Nce4 9. Bd2 Nxd2 10. Nxd2 Qa5 11. O-O Bxc3 12. bxc3 Rb8 13. Nb3 Qa3 14. c5
b6 15. cxb6 Rxb6 16. c4 Ba6 17. c5 Rb4 18. Rfd1 Bb5 19. Rd4 Rxd4 20. Nxd4 Ba4
21. Qc1 Qb4 22. e3 Rc8 23. Rb1 Qa5 24. Qa3 1-0

[Event "GBR-ch84 Major Open"]
[Site "Hove"]
[Date "1997.08.14"]
[Round "10"]
[White "Dyce, Andrew N"]
[Black "Wise, David"]
[Result "1-0"]
[WhiteElo "2150"]
[BlackElo "2195"]
[PlyCount "45"]
[EventDate "1997.08.04"]
[EventType "swiss"]
[EventRounds "11"]
[EventCountry "GBR"]
[SourceTitle "BritBase"]
[Source "John Saunders"]
[SourceDate "2024.07.22"]
[SourceVersion "1"]
[SourceVersionDate "2024.07.22"]
[SourceQuality "1"]

1. Na3 d5 2. c4 e5 3. b3 c6 4. Bb2 Nf6 5. Nc2 Nbd7 6. Nf3 Bd6 7. g3 O-O 8. Bg2
Re8 9. O-O e4 10. Nfd4 dxc4 11. bxc4 Ne5 12. d3 exd3 13. exd3 Bg4 14. Qd2 Qd7
15. f4 Ng6 16. f5 Ne7 17. h3 Nxf5 18. hxg4 Nxg3 19. Nf5 Nxf1 20. Qg5 Bh2+ 21.
Kf2 Bg3+ 22. Kxf1 Qxd3+ 23. Kg1 1-0

[Event "GBR-ch84 Major Open"]
[Site "Hove"]
[Date "1997.08.14"]
[Round "10"]
[White "Stephenson, Frederick Norman"]
[Black "Dickinson, Timothy R"]
[Result "1/2-1/2"]
[WhiteElo "2190"]
[BlackElo "2155"]
[PlyCount "28"]
[EventDate "1997.08.04"]
[EventType "swiss"]
[EventRounds "11"]
[EventCountry "GBR"]
[SourceTitle "BritBase"]
[Source "John Saunders"]
[SourceDate "2024.07.22"]
[SourceVersion "1"]
[SourceVersionDate "2024.07.22"]
[SourceQuality "1"]

1. d4 e6 2. c4 Nf6 3. Nc3 Bb4 4. e3 c5 5. a3 Bxc3+ 6. bxc3 Nc6 7. Bd3 d6 8. Ne2
O-O 9. e4 e5 10. Bg5 h6 11. Bh4 g5 12. Bg3 Nh5 13. f3 Qf6 14. d5 Ne7 {Source:
Norman Stephenson} 1/2-1/2